| 000 | 00443nam a22001577a 4500 | ||
|---|---|---|---|
| 005 | 20240605090044.0 | ||
| 008 | 240605b |||||||| |||| 00| 0 eng d | ||
| 082 |
_222 _a346 _bGen |
||
| 245 |
_aGender And Access to Justice _bA Report of the Regional Training programmme |
||
| 260 |
_aMalaysia _bAsia Pacific Forum on Women, Law and Development _c1992 |
||
| 300 | _a46 p ., | ||
| 650 | _aGender | ||
| 650 | _aWomen | ||
| 650 | _aLaw | ||
| 942 | _cL | ||
| 999 |
_c5882 _d5882 |
||